000 00599nam a2200157Ia 4500
008 230907s9999||||xx |||||||||||||| ||und||
082 _a621.3
_bSAL
100 _aHafiz Muhammad Saleem Ahmed (NUST-2013-61519-MCES-64113-F)
_9116347
245 0 _aWet chemistry based development of LaMgAl11O19 and its hot corrosion studies in molten salt environment for thermal and environmental barrier applications /
260 _aUSPCAS-E, NUST,
_bIslamabad :
_c2017
300 _axi, 108 p. :
520 _aTH-67
650 _aMS-ESE Thesis MS Thesis
700 _aDr Zuhair Subhani Khan
942 _cTHE
_2ddc
999 _c601746
_d601746